Žilinský večerník týždenník Žilinského kraja

Bibliographic Details
Previous Title:Žilinský večerník a Nový cieľ
Other Authors: Debnár, Štefan, 1958- (Publishing director), Kašša, Róbert, 1975- (pbd8883968), Filek, Michal (Publishing director), Stehlíková, Michala (Publishing director), Staníková, Michala (Publishing director), Vnuk, Juraj (Publishing director)
Format: Newspaper
Language:Slovak
PhysicalDescription:zv. 39-47 cm
Published: Žilina Mestský úrad 1991
Žilina Mesto Žilina
Žilina Žilinský večerník
Žilina PUBLISHING HOUSE, a.s.
ISSN:1338-1822
Subjects:
Online Access:http://www.zilinskyvecernik.sk

MARC

LEADER 00000cas a2200000 a 4500
001 vtls001466527
003 SK-MaSNL
005 20260325142245.0
008 040119c19919999xo wr ne 0 0b0slo
022 |a 1338-1822 
035 |a SNK000421832 
035 |a (SVKBB03)vtls000048103 
040 |a SNK  |b slo  |c SNK  |d SVKBB  |e AACR2 
041 0 |a slo 
043 |a e-xo--- 
044 |a xo  |c SK 
072 7 |a 352/354  |x Stupne miestnej, oblastnej a ústrednej správy  |2 konspekt 
072 7 |a 394  |x Verejný a spoločenský život. Každodenný život  |2 konspekt 
072 7 |a 316.7  |x Sociológia kultúry. Kultúrny život  |2 konspekt 
080 |a 316.728  |2 2011 
080 |a 394  |2 2011 
080 |a 353.9  |2 2011 
080 |a 050  |2 2011 
080 |a (051)+(054)(437.6)  |2 2011 
080 |a (437.6)  |2 2011 
084 |a MIČ 49936  |2 mksr 
210 0 |a Žilin. več. 
222 0 |a Žilinský večerník 
245 0 0 |a Žilinský večerník  |b týždenník Žilinského kraja 
260 |a Žilina  |b Mestský úrad  |c 1991 
260 2 |3 28/1991-45/2002  |a Žilina  |b Mesto Žilina 
260 2 |3 46/2002-[6/2012]  |a Žilina  |b Žilinský večerník 
260 3 |3 7/2012-  |a Žilina  |b PUBLISHING HOUSE, a.s. 
300 |a zv.  |b 39-47 cm 
310 |a 1x týždenne 
362 0 |a Roč. 1, č. 1 (1991)-roč. 2 č. 41 (1992) ; roč. 7, č. 11(1997)- 
500 |a Šéfred.: 2004-[2007], Štefan Debnár ; 2008-15/2012, Róbert Kašša ; 18/2012-45/2018, Michal Filek ; 50/2018-21/2019, Michala Stehlíková ; 22/2019-? , Michala Staníková; ?-, Juraj Vnuk 
500 |a Podnázov od č. 49/2011: týždenník severného Slovenska ; od č. 18/2019, najpredávanejší týždenník Žilinského regiónu 
500 |a Registračné číslo: KÚ 02/98 ; EV 3002/09 
500 |a Č. 51-52/2017 má rozmer 39 cm 
515 |a Chybne číslované č. 36/2012, 50-51/2013 
515 |a Niektoré čísla vychádzajú ako dvojčíslo 
525 |a Nepravidelná príloha Novinky Žilinského kraja 
525 |a Samostatne stránkované prílohy: r. 2017: v č. 43, 44 - Župné voľby 2017 ; v č. 46 - Automoto magazín ; v č. 51-52 - s rôznou tématikou ; r. 2018: v č. 42, 45 - Volebný špeciál, v č. 51-52 - Vianoce ; r. 2019: v č. 38, 45 - ZA kraj, v č. 51-52 - Vianoce 
547 |a Od čísla 42/1992 po číslo 10/1997 vychádzal pod názvom Žilinský večerník a Nový cieľ 
610 1 |a Žilinský samosprávny kraj (Slovensko).  |b Úrad  |2 SNKKA  |9 82059 
650 0 7 |a každodenný život  |2 SNKPH  |9 4946 
650 0 7 |a územná samospráva  |2 SNKPH  |9 802 
651 7 |a Žilina (Slovensko)  |2 SNKPHgeo  |9 28812 
655 7 |a regionálne periodiká  |2 SNKPH  |9 131775 
700 1 |a Debnár, Štefan,  |d 1958-  |4 pbd  |9 191861 
700 1 |a Kašša, Róbert,  |d 1975-  |4 pbd8883968  |9 15933 
700 1 |a Filek, Michal  |4 pbd  |9 267320 
700 1 |a Stehlíková, Michala  |4 pbd  |9 267321 
700 1 |a Staníková, Michala  |4 pbd  |9 267322 
700 1 |a Vnuk, Juraj  |4 pbd  |9 267323 
780 0 0 |t Žilinský večerník a Nový cieľ  |w vtls008883968 
856 4 1 |u http://www.zilinskyvecernik.sk 
910 |a snk 
999 |c 3585  |d 5515 
952 |t č. 1-44  |a SNK  |b SNK  |y PREZ  |7 0  |p 17A0221606  |o snkČSB 4124/1/1991  |0 0  |1 0  |4 0  |d 1999-12-16  |l 0  |r 2005-01-02 00:00:00  |w 2026-02-21 
952 |t č. 27-52  |a SNK  |b SNK  |y PREZ  |7 0  |p 17A0388383  |o snkČSB 4124/11/2001/2  |i snkČSP 236/2003  |8 0  |z č. 27-52  |0 0  |1 0  |4 0  |d 2003-07-15  |l 0  |r 2005-01-02 00:00:00  |w 2026-02-21 
952 |t č. 2-27  |a SNK  |b SNK  |y PREZ  |7 0  |p 17A0376705  |o snkČSB 4124/10/2000/1  |i snkČSP 50/2002  |z č. 2-27  |0 0  |1 0  |4 0  |d 2003-07-15  |l 0  |r 2005-01-02 00:00:00  |w 2026-02-21 
952 |t č. 28-53  |a SNK  |b SNK  |y PREZ  |7 0  |p 17A0388496  |o snkČSB 4124/10/2000/2  |i snkČSP 52/2002  |8 0  |z č. 28-53  |0 0  |1 0  |4 0  |d 2003-07-15  |l 0  |r 2005-01-02 00:00:00  |w 2026-02-21 
952 |t č. 1-26  |a SNK  |b SNK  |y PREZ  |7 0  |p 17A0376704  |o snkČSB 4124/11/2001/1 D1  |i snkČSP 49/2002  |8 0  |z č. 1-26  |0 0  |1 0  |4 0  |d 2003-07-15  |l 0  |r 2005-01-02 00:00:00  |w 2026-02-21 
952 |t č. 1-44  |a SNK  |b SNK  |y PREZ  |7 0  |p 17A0648270  |o snkČSB 4124/1/1991 D1  |i snkČSP 196/93  |0 0  |1 0  |4 0  |d 2010-03-17  |l 0  |r 2026-02-21 19:31:54  |w 2026-02-21 
952 |t č. 1-18  |a SNK  |b SNK  |y PREZ  |7 0  |p 17A1556994  |o snkČSB 4124/33/2024/1  |i snk2025/9327  |8 0  |0 0  |1 0  |4 0  |d 2025-06-12  |l 0  |r 2026-02-21 19:49:11  |w 2026-02-21 
952 |t č. 19-35  |a SNK  |b SNK  |y PREZ  |7 0  |p 17A1556995  |o snkČSB 4124/33/2024/2  |i snk2025/9328  |8 0  |0 0  |1 0  |4 0  |d 2025-06-12  |l 0  |r 2026-02-21 19:49:11  |w 2026-02-21 
952 |t č. 36-52  |a SNK  |b SNK  |y PREZ  |7 0  |p 17A1556996  |o snkČSB 4124/33/2024/3  |i snk2025/9329  |8 0  |0 0  |1 0  |4 0  |d 2025-06-12  |l 0  |r 2026-02-21 19:49:11  |w 2026-02-21 
952 |t č. 27-52, neúplné  |a SNK  |b SNK  |y PREZ  |7 0  |p 17A1317331  |o snkČSB 4124/11/2001/2 D1  |i snk2003/237  |z Chýba č.: 38  |0 0  |1 0  |4 0  |d 2024-01-15  |l 0  |r 2026-02-21 19:50:03  |w 2026-02-21 
952 |t č. 1-18, neúplné  |a SNK  |b SNK  |y PREZ  |7 0  |p 17A1434490  |o snkČSB 4124/29/2020/1  |i snk2021/7165  |8 0  |z Chýba č. 18  |0 0  |1 0  |4 0  |d 2021-06-16  |l 0  |r 2026-02-21 19:52:30  |w 2026-02-21 
952 |t č. 19-35  |a SNK  |b SNK  |y PREZ  |7 0  |p 17A1434491  |o snkČSB 4124/29/2020/2  |i snk2021/7166  |8 0  |0 0  |1 0  |4 0  |d 2021-06-16  |l 0  |r 2026-02-21 19:52:30  |w 2026-02-21 
952 |t č. 36-53  |a SNK  |b SNK  |y PREZ  |7 0  |p 17A1434492  |o snkČSB 4124/29/2020/3  |i snk2021/7168  |8 0  |0 0  |1 0  |4 0  |d 2021-06-16  |l 0  |r 2026-02-21 19:52:30  |w 2026-02-21 
952 |t č. 1-18  |a SNK  |b SNK  |y PREZ  |7 0  |p 17A1436332  |o snkČSB 4124/30/2021/1  |i snk2022/433  |8 0  |0 0  |1 0  |4 0  |d 2022-01-10  |l 0  |r 2026-02-21 19:53:11  |w 2026-02-21 
952 |t č. 19-35  |a SNK  |b SNK  |y PREZ  |7 0  |p 17A1436333  |o snkČSB 4124/30/2021/2  |i snk2022/434  |8 0  |0 0  |1 0  |4 0  |d 2022-01-10  |l 0  |r 2026-02-21 19:53:11  |w 2026-02-21 
952 |t č. 36-52  |a SNK  |b SNK  |y PREZ  |7 0  |p 17A1436334  |o snkČSB 4124/30/2021/3  |i snk2022/435  |8 0  |0 0  |1 0  |4 0  |d 2022-01-10  |l 0  |r 2026-02-21 19:53:11  |w 2026-02-21 
952 |t č. 1-17  |a SNK  |b SNK  |y PREZ  |7 0  |p 17A1524312  |o snkČSB 4124/32/2023/1  |i snk2024/13991  |8 0  |0 0  |1 0  |4 0  |d 2024-09-09  |l 0  |r 2026-02-21 19:58:10  |w 2026-02-21 
952 |t č. 18-35  |a SNK  |b SNK  |y PREZ  |7 0  |p 17A1524313  |o snkČSB 4124/32/2023/2  |i snk2024/13993  |8 0  |0 0  |1 0  |4 0  |d 2024-09-09  |l 0  |r 2026-02-21 19:58:10  |w 2026-02-21 
952 |t č. 36-52  |a SNK  |b SNK  |y PREZ  |7 0  |p 17A1524314  |o snkČSB 4124/32/2023/3  |i snk2024/13994  |8 0  |0 0  |1 0  |4 0  |d 2024-09-09  |l 0  |r 2026-02-21 19:58:10  |w 2026-02-21 
952 |t č. 27-53/1  |a SNK  |b SNK  |y PREZ  |7 0  |p 17A0524546  |o snkČSB 4124/13/2003/2  |i snk2006/25184  |8 0  |z Č. 1 je z roku 2004.  |0 0  |1 0  |4 0  |d 2006-11-30  |l 0  |r 2026-02-21 20:07:01  |w 2026-02-21 
952 |t č. 1-26  |a SNK  |b SNK  |y PREZ  |7 0  |p 17A0524544  |o snkČSB 4124/12/2002/1 D1  |i snk2006/25179  |8 0  |0 0  |1 0  |4 0  |d 2006-11-30  |l 0  |r 2026-02-21 20:15:38  |w 2026-02-21 
952 |t č. 2-26  |a SNK  |b SNK  |y PREZ  |7 0  |p 17A0446329  |o snkČSB 4124/14/2004/1  |i snk2006/25176  |8 0  |z Č. 1 je v roku 2003  |0 0  |1 0  |4 0  |d 2006-11-30  |l 0  |r 2026-02-21 20:16:27  |w 2026-02-21 
952 |t č. 29-35  |a SNK  |b SNK  |y PREZ  |7 0  |p 17A0868319  |o snkČSB 4124/17/2007/5  |i snk2012/15487  |8 0  |0 0  |1 0  |4 0  |d 2012-08-03  |l 0  |r 2026-02-21 20:40:49  |w 2026-02-21 
952 |t č. 36-43  |a SNK  |b SNK  |y PREZ  |7 0  |p 17A0868320  |o snkČSB 4124/17/2007/6  |i snk2012/15488  |8 0  |0 0  |1 0  |4 0  |d 2012-08-03  |l 0  |r 2026-02-21 20:40:49  |w 2026-02-21 
952 |t č. 1-7  |a SNK  |b SNK  |y PREZ  |7 0  |p 17A0868315  |o snkČSB 4124/17/2007/1  |i snk2012/15476  |8 0  |0 0  |1 0  |4 0  |d 2012-08-03  |l 0  |r 2026-02-21 20:50:11  |w 2026-02-21 
952 |t č. 8-14  |a SNK  |b SNK  |y PREZ  |7 0  |p 17A0868316  |o snkČSB 4124/17/2007/2  |i snk2012/15479  |8 0  |0 0  |1 0  |4 0  |d 2012-08-03  |l 0  |r 2026-02-21 20:50:11  |w 2026-02-21 
952 |t č. 15-21  |a SNK  |b SNK  |y PREZ  |7 0  |p 17A0868317  |o snkČSB 4124/17/2007/3  |i snk2012/15481  |8 0  |0 0  |1 0  |4 0  |d 2012-08-03  |l 0  |r 2026-02-21 20:50:12  |w 2026-02-21 
952 |t č. 22-28  |a SNK  |b SNK  |y PREZ  |7 0  |p 17A0868318  |o snkČSB 4124/17/2007/4  |i snk2012/15485  |8 0  |0 0  |1 0  |4 0  |d 2012-08-03  |l 0  |r 2026-02-21 20:50:13  |w 2026-02-21 
952 |t č. 44-52  |a SNK  |b SNK  |y PREZ  |7 0  |p 17A0868321  |o snkČSB 4124/17/2007/7  |i snk2012/15490  |8 0  |0 0  |1 0  |4 0  |d 2012-08-03  |l 0  |r 2026-02-21 20:50:13  |w 2026-02-21 
952 |t č. 27-53/1  |a SNK  |b SNK  |y PREZ  |7 0  |p 17A0446330  |o snkČSB 4124/14/2004/2  |i snk2006/25177  |8 0  |z Č. 1 je z roku 2005  |0 0  |1 0  |4 0  |d 2006-11-30  |l 0  |r 2026-02-21 21:00:29  |w 2026-02-21 
952 |t č. 1-26  |a SNK  |b SNK  |y PREZ  |7 0  |p 17A0446326  |o snkČSB 4124/12/2002/1  |i snk2006/25178  |8 0  |0 0  |1 0  |4 0  |d 2006-11-30  |l 0  |r 2026-02-21 21:00:35  |w 2026-02-21 
952 |t č. 2-26  |a SNK  |b SNK  |y PREZ  |7 0  |p 17A0548855  |o snkČSB 4124/15/2005/1  |i snk2007/19078  |8 0  |0 0  |1 0  |4 0  |d 2007-08-20  |l 0  |r 2026-02-21 21:00:57  |w 2026-02-21 
952 |t č. 27-53  |a SNK  |b SNK  |y PREZ  |7 0  |p 17A0548856  |o snkČSB 4124/15/2005/2  |i snk2007/19079  |8 0  |0 0  |1 0  |4 0  |d 2007-08-20  |l 0  |r 2026-02-21 21:00:57  |w 2026-02-21 
952 |t č. 1-26  |a SNK  |b SNK  |y PREZ  |7 0  |p 17A0548857  |o snkČSB 4124/16/2006/1  |i snk2007/19080  |8 0  |0 0  |1 0  |4 0  |d 2007-08-20  |l 0  |r 2026-02-21 21:00:58  |w 2026-02-21 
952 |t č. 27-52  |a SNK  |b SNK  |y PREZ  |7 0  |p 17A0548858  |o snkČSB 4124/16/2006/2  |i snk2007/19083  |8 0  |0 0  |1 0  |4 0  |d 2007-08-20  |l 0  |r 2026-02-21 21:00:59  |w 2026-02-21 
952 |t č. 1-26  |a SNK  |b SNK  |y PREZ  |7 0  |p 17A0868329  |o snkČSB 4124/19/2009/1  |i snk2012/16282  |8 0  |0 0  |1 0  |4 0  |d 2012-08-14  |l 0  |r 2026-02-21 21:02:08  |w 2026-02-21 
952 |t č. 27-53  |a SNK  |b SNK  |y PREZ  |7 0  |p 17A0868330  |o snkČSB 4124/19/2009/2  |i snk2012/16283  |8 0  |0 0  |1 0  |4 0  |d 2012-08-14  |l 0  |r 2026-02-21 21:02:08  |w 2026-02-21 
952 |t č. 1-26  |a SNK  |b SNK  |y PREZ  |7 0  |p 17A0868331  |o snkČSB 4124/20/2010/1  |i snk2012/16312  |8 0  |0 0  |1 0  |4 0  |d 2012-08-14  |l 0  |r 2026-02-21 21:02:08  |w 2026-02-21 
952 |t č. 27-52  |a SNK  |b SNK  |y PREZ  |7 0  |p 17A0868332  |o snkČSB 4124/20/2010/2  |i snk2012/16313  |8 0  |0 0  |1 0  |4 0  |d 2012-08-14  |l 0  |r 2026-02-21 21:02:08  |w 2026-02-21 
952 |t č. 1-26  |a SNK  |b SNK  |y PREZ  |7 3  |p 17A0868334  |o snkČSB 4124/21/2011/1  |i snk2012/16314  |8 0  |0 0  |1 0  |4 0  |d 2012-08-14  |l 0  |r 2026-02-21 21:02:08  |w 2026-02-21 
952 |t č. 27-52  |a SNK  |b SNK  |y PREZ  |7 3  |p 17A0868333  |o snkČSB 4124/21/2011/2  |i snk2012/16317  |8 0  |0 0  |1 0  |4 0  |d 2012-08-14  |l 0  |r 2026-02-21 21:02:08  |w 2026-02-21 
952 |t č. 1-7  |a SNK  |b SNK  |y PREZ  |7 0  |p 17A0868322  |o snkČSB 4124/18/2008/1  |i snk2012/16235  |8 0  |0 0  |1 0  |4 0  |d 2012-08-13  |l 0  |r 2026-02-21 21:02:08  |w 2026-02-21 
952 |t č. 8-14  |a SNK  |b SNK  |y PREZ  |7 0  |p 17A0868323  |o snkČSB 4124/18/2008/2  |i snk2012/16274  |8 0  |0 0  |1 0  |4 0  |d 2012-08-13  |l 0  |r 2026-02-21 21:02:11  |w 2026-02-21 
952 |t č. 15-21  |a SNK  |b SNK  |y PREZ  |7 0  |p 17A0868324  |o snkČSB 4124/18/2008/3  |i snk2012/16275  |8 0  |0 0  |1 0  |4 0  |d 2012-08-13  |l 0  |r 2026-02-21 21:02:11  |w 2026-02-21 
952 |t č. 22-28  |a SNK  |b SNK  |y PREZ  |7 0  |p 17A0868325  |o snkČSB 4124/18/2008/4  |i snk2012/16276  |8 0  |0 0  |1 0  |4 0  |d 2012-08-13  |l 0  |r 2026-02-21 21:02:11  |w 2026-02-21 
952 |t č. 29-35  |a SNK  |b SNK  |y PREZ  |7 0  |p 17A0868326  |o snkČSB 4124/18/2008/5  |i snk2012/16277  |8 0  |0 0  |1 0  |4 0  |d 2012-08-13  |l 0  |r 2026-02-21 21:02:11  |w 2026-02-21 
952 |t č. 36-43  |a SNK  |b SNK  |y PREZ  |7 0  |p 17A0868327  |o snkČSB 4124/18/2008/6  |i snk2012/16280  |8 0  |0 0  |1 0  |4 0  |d 2012-08-13  |l 0  |r 2026-02-21 21:02:11  |w 2026-02-21 
952 |t č. 44-52  |a SNK  |b SNK  |y PREZ  |7 0  |p 17A0868328  |o snkČSB 4124/18/2008/7  |i snk2012/16281  |8 0  |0 0  |1 0  |4 0  |d 2012-08-13  |l 0  |r 2026-02-21 21:02:11  |w 2026-02-21 
952 |t č. 27-53/1, neúplné  |a SNK  |b SNK  |y PREZ  |7 0  |p 17A0446324  |o snkČSB 4124/12/2002/2  |i snk2006/25180  |8 0  |z Č. 1 je z roku 2003. Chýba č. 45,48.  |0 0  |1 0  |4 0  |d 2006-11-30  |l 0  |r 2026-02-21 21:08:44  |w 2026-02-21 
952 |t č. 27-53/1, neúplné  |a SNK  |b SNK  |y PREZ  |7 0  |p 17A0446325  |o snkČSB 4124/12/2002/2 D1  |i snk2006/25181  |8 0  |z Č.1 je z roku 2003.Chýba č. 45,48.  |0 0  |1 0  |4 0  |d 2006-11-30  |l 0  |r 2026-02-21 21:09:40  |w 2026-02-21 
952 |t č. 2-26  |a SNK  |b SNK  |y PREZ  |7 0  |p 17A0524545  |o snkČSB 4124/13/2003/1  |i snk2006/25182  |8 0  |z Č. 1 je v r. 2002  |0 0  |1 0  |4 0  |d 2006-11-30  |l 0  |r 2026-02-21 21:09:49  |w 2026-02-21 
952 |t č. 3-26, neúplné  |a SNK  |b SNK  |y PREZ  |7 0  |p 17A0446327  |o snkČSB 4124/13/2003/1 D1  |i snk2006/25183  |8 0  |z Č. 1 je v roku 2002.Chýba č. 2.  |0 0  |1 0  |4 0  |d 2006-11-30  |l 0  |r 2026-02-21 21:09:49  |w 2026-02-21 
952 |t č. 27-52, neúplné  |a SNK  |b SNK  |y PREZ  |7 0  |p 17A1317333  |o snkČSB 4124/13/2003/2 D1  |i snk2006/25185  |8 0  |z Chýba č. 36-44,53/1(č. 1 z r. 2004)  |0 0  |1 0  |4 0  |d 2006-11-30  |l 0  |r 2026-02-21 21:09:49  |w 2026-02-21 
952 |t č. 28-53/1, neúplné  |a SNK  |b SNK  |y PREZ  |7 0  |p 17A1317332  |o snkČSB 4124/14/2004/2 D1  |i snk2005/16095  |8 0  |z Chýba č. 27; S č. 53 vydané č. 1 (2005) ; ;   |0 0  |1 0  |4 0  |d 2005-09-28  |l 0  |r 2026-02-21 21:20:35  |w 2026-02-21 
952 |t č. 1-17  |a SNK  |b SNK  |y PREZ  |7 0  |p 17A1466126  |o snkČSB 4124/31/2022/1  |i snk2023/6355  |8 0  |0 0  |1 0  |4 0  |d 2023-04-20  |l 0  |r 2026-02-21 21:21:01  |w 2026-02-21 
952 |t č. 18-35  |a SNK  |b SNK  |y PREZ  |7 0  |p 17A1466127  |o snkČSB 4124/31/2022/2  |i snk2023/6361  |8 0  |0 0  |1 0  |4 0  |d 2023-04-20  |l 0  |r 2026-02-21 21:21:01  |w 2026-02-21 
952 |t č. 36-52  |a SNK  |b SNK  |y PREZ  |7 0  |p 17A1466128  |o snkČSB 4124/31/2022/3  |i snk2023/6369  |8 0  |0 0  |1 0  |4 0  |d 2023-04-20  |l 0  |r 2026-02-21 21:21:01  |w 2026-02-21 
952 |t č. 2-26  |a SNK  |b SNK  |y PREZ  |7 0  |p 17A0446809  |o snkČSB 4124/14/2004/1 D1  |i snk2005/16078  |8 0  |z Č. 1 vydané ako č. 53/1 (2003)  |0 0  |1 0  |4 0  |d 2005-09-28  |l 0  |r 2026-02-21 21:40:19  |w 2026-02-21 
952 |t č. 2-26, neúplné  |a SNK  |b SNK  |y PREZ  |7 0  |p 17A1189435  |o snkČSB 4124/8/1998/1 D1  |i snk2000/1103  |z Chýba č. 7, 22  |0 0  |1 0  |4 0  |d 2018-03-05  |l 0  |r 2026-02-21 21:49:36  |w 2026-02-21 
952 |t č. 1-26  |a SNK  |b SNK  |y PREZ  |7 0  |p 17A1324725  |o snkČSB 4124/26/2017/1  |i snk2018/6404  |8 0  |z Číslo ročníka uvádzajú rovnaké ako v r. 2016  |0 0  |1 0  |4 0  |d 2018-03-15  |l 0  |r 2026-02-21 21:49:43  |w 2026-02-21 
952 |t č. 27-52 + príl.  |a SNK  |b SNK  |y PREZ  |7 0  |p 17A1324726  |o snkČSB 4124/26/2017/2  |i snk2018/6407  |8 0  |z Uvádzajú rovnaký ročník ako v r. 2016 ; Prílohy: Župné voľby 2017 - v č. 43, 44 ; Automoto magazín - v č. 46 ; v č. 51-52 - s rôznou tématikou  |0 0  |1 0  |4 0  |d 2018-03-15  |l 0  |r 2026-02-21 21:49:43  |w 2026-02-21 
952 |t č. 40-52 + príl.  |a SNK  |b SNK  |y PREZ  |7 0  |p 17A1343509  |o snkČSB 4124/27/2018/3  |i snk2019/3639  |8 0  |z Prílohy: Volebný špeciál 1. (v č. 42) ; Volebný špeciál 2. (v č. 45) ; Vianoce (v č. 51/52)  |0 0  |1 0  |4 0  |d 2019-02-08  |l 0  |r 2026-02-21 21:54:13  |w 2026-02-21 
952 |t č. 27-52, neúplné  |a SNK  |b SNK  |y PREZ  |7 0  |p 17A1098647  |o snkČSB 4124/24/2014/2  |i snk2016/6403  |8 0  |z Chýba č. 34, č. 35 pošk.  |0 0  |1 0  |4 0  |d 2016-03-04  |l 0  |r 2026-02-21 22:02:41  |w 2026-02-21 
952 |t č. 1-27  |a SNK  |b SNK  |y PREZ  |7 0  |p 17A1098648  |o snkČSB 4124/25/2015/1  |i snk2016/6445  |8 0  |0 0  |1 0  |4 0  |d 2016-03-04  |l 0  |r 2026-02-21 22:02:42  |w 2026-02-21 
952 |t č. 28-52  |a SNK  |b SNK  |y PREZ  |7 0  |p 17A1098649  |o snkČSB 4124/25/2015/2  |i snk2016/6446  |8 0  |0 0  |1 0  |4 0  |d 2016-03-04  |l 0  |r 2026-02-21 22:02:42  |w 2026-02-21 
952 |t č. 1-26  |a SNK  |b SNK  |y PREZ  |7 0  |p 17A1098524  |o snkČSB 4124/22/2012/1  |i snk2016/6384  |8 0  |0 0  |1 0  |4 0  |d 2016-03-04  |l 0  |r 2026-02-21 22:02:42  |w 2026-02-21 
952 |t č. 27-52, neúplné  |a SNK  |b SNK  |y PREZ  |7 0  |p 17A1098525  |o snkČSB 4124/22/2012/2  |i snk2016/6388  |8 0  |z Chýba č. 45  |0 0  |1 0  |4 0  |d 2016-03-04  |l 0  |r 2026-02-21 22:02:42  |w 2026-02-21 
952 |t č. 1-26, neúplné  |a SNK  |b SNK  |y PREZ  |7 0  |p 17A1098644  |o snkČSB 4124/23/2013/1  |i snk2016/6391  |8 0  |z Chýba č. 18  |0 0  |1 0  |4 0  |d 2016-03-04  |l 0  |r 2026-02-21 22:02:49  |w 2026-02-21 
952 |t č. 27-52, neúplné  |a SNK  |b SNK  |y PREZ  |7 0  |p 17A1098645  |o snkČSB 4124/23/2013/2  |i snk2016/6396  |8 0  |z č. 50-51 chybne čísl. má byť 51-52  |0 0  |1 0  |4 0  |d 2016-03-04  |l 0  |r 2026-02-21 22:02:49  |w 2026-02-21 
952 |t č. 1-26  |a SNK  |b SNK  |y PREZ  |7 0  |p 17A1098646  |o snkČSB 4124/24/2014/1  |i snk2016/6402  |8 0  |0 0  |1 0  |4 0  |d 2016-03-04  |l 0  |r 2026-02-21 22:02:49  |w 2026-02-21 
952 |t č. 1-18  |a SNK  |b SNK  |y PREZ  |7 0  |p 17A1431316  |o snkČSB 4124/28/2019/1  |i snk2020/13929  |8 0  |0 0  |1 0  |4 0  |d 2020-08-06  |l 0  |r 2026-02-21 22:08:47  |w 2026-02-21 
952 |t č. 19-35, neúplné  |a SNK  |b SNK  |y PREZ  |7 0  |p 17A1431434  |o snkČSB 4124/28/2019/2  |i snk2020/13930  |8 0  |z Chýba č. 25  |0 0  |1 0  |4 0  |d 2020-08-06  |l 0  |r 2026-02-21 22:08:47  |w 2026-02-21 
952 |t č. 36-52 + 3 príl.  |a SNK  |b SNK  |y PREZ  |7 0  |p 17A1431435  |o snkČSB 4124/28/2019/3  |i snk2020/13936  |8 0  |z Príl.: v č. 38 - ZA kraj č. 4/2019, v č. 45 - ZA kraj č. 5/2019, v č. 51-52 - Vianoce  |0 0  |1 0  |4 0  |d 2020-08-06  |l 0  |r 2026-02-21 22:08:47  |w 2026-02-21 
952 |t č. 1-27, neúplné  |a SNK  |b SNK  |y PREZ  |7 0  |p 17A1206651  |o snkČSB 4124/26/2016/1  |i snk2017/10281  |8 0  |z Chýba č. 26, 27  |0 0  |1 0  |4 0  |d 2017-05-05  |l 0  |r 2026-02-21 22:10:42  |w 2026-02-21 
952 |t č. 28-52 + pril.  |a SNK  |b SNK  |y PREZ  |7 0  |p 17A1206652  |o snkČSB 4124/26/2016/2  |i snk2017/10282  |8 0  |z Príl.: Č. 37 obsahuje nepravidelnú prílohu Novinky Žilinského kraja  |0 0  |1 0  |4 0  |d 2017-05-05  |l 0  |r 2026-02-21 22:10:42  |w 2026-02-21 
952 |t č. 27-39  |a SNK  |b SNK  |y PREZ  |7 0  |p 17A1343510  |o snkČSB 4124/27/2018/2  |i snk2019/3635  |8 0  |0 0  |1 0  |4 0  |d 2019-02-08  |l 0  |r 2026-02-21 22:26:16  |w 2026-02-21 
952 |t č. 1-26  |a SNK  |b SNK  |y PREZ  |7 0  |p 17A1327738  |o snkČSB 4124/27/2018/1  |i snk2018/18439  |8 0  |0 0  |1 0  |4 0  |d 2018-09-12  |l 0  |r 2026-02-21 22:27:18  |w 2026-02-21 
952 |t 1  |a SNK  |b SNK  |c SNK_KF  |y PREZ  |7 8  |p 17A1559317  |o snkČSB 4124/34/2025/1  |i snk2026/3796  |h č. 1-18  |8 0  |0 0  |1 0  |2 udc  |4 0  |d 2025-06-12  |l 0  |r 2026-03-18 10:15:02  |w 2026-02-21 
952 |t 1  |a SNK  |b SNK  |c SNK_KF  |y PREZ  |7 8  |p 17A1559318  |o snkČSB 4124/34/2025/2  |i snk2026/3797  |h č. 19-35  |8 0  |0 0  |1 0  |2 udc  |4 0  |d 2025-06-12  |l 0  |r 2026-03-18 10:29:57  |w 2026-02-21 
952 |t 1  |a SNK  |b SNK  |c SNK_KF  |y PREZ  |7 8  |p 17A1559319  |o snkČSB 4124/34/2025/3  |i snk2026/3798  |h č. 36-52  |8 0  |0 0  |1 0  |2 udc  |4 0  |d 2025-06-12  |l 0  |r 2026-03-18 10:31:57  |w 2026-02-21